000 00521nam a2200193Ia 4500
003 OSt
005 20250530152058.0
008 210210b1982 xxu||||| |||| 00| 0 eng d
040 _cAL
041 _aKannada
082 _aK894.3 VANK
100 _aVANAJAKSHI (M K).
_dವನಜಾಕ್ಷಿ (ಎಂ ಕೆ)
_9211872
245 _aKamada gombe
_bಕಾಮದ ಗೊಂಬೆ
260 _aMaisuru
_bPustaka Chilume
_c1982
300 _a135
690 _aKannada Fiction
_9211873
906 _a036088
942 _2ddc
_cBK
999 _c86728
_d86728